[Event "ch-RUS KO"]
[Site "Moscow RUS"]
[Date "1999.12.20"]
[Round "3.2"]
[White "Ibragimov,I"]
[Black "Shchekachev,A"]
[Result "1-0"]
[WhiteElo "2554"]
[BlackElo "2505"]

1.d4 Nf6 2.c4 g6 3.Nc3 Bg7 4.e4 d6 5.Bg5 h6 6.Be3 Ng4 7.Bc1 e5 8.d5 f5 9.Be2 Nf6
10.exf5 gxf5 11.Bh5+ Nxh5 12.Qxh5+ Kf8 13.f4 e4 14.Nge2 Qe8 15.Qh3 Na6 16.O-O Qg6
17.Be3 Rg8 18.Bd4 Qg4 19.Qxg4 Bxd4+ 20.Nxd4 Rxg4 21.Nd1 Rg6 22.Ne3 Rf6 23.g4 fxg4
24.f5 h5 25.h3 gxh3 26.Kh2 Bd7 27.Ne6+ Kf7 28.Rg1 Rg8 29.Rxg8 Kxg8 30.Rg1+ Kh8
31.Kxh3 Nb4 32.Kh4 Nd3 33.Kxh5 Rf7 34.Kg5 Nf2 35.Rf1 Nd3 36.Rh1+ Rh7 37.Rxh7+ Kxh7
38.Nf8+  1-0

[Event "ch-RUS KO"]
[Site "Moscow RUS"]
[Date "1999.12.20"]
[Round "3.3"]
[White "Ibragimov,I"]
[Black "Shchekachev,A"]
[Result "1-0"]
[WhiteElo "2554"]
[BlackElo "2505"]

1.c4 c5 2.Nf3 g6 3.d4 cxd4 4.Nxd4 Nf6 5.Nc3 Nc6 6.e4 d6 7.Be2 Nxd4 8.Qxd4 Bg7
9.Bg5 O-O 10.Qd2 Be6 11.O-O Qa5 12.Rac1 Rfc8 13.b3 b5 14.cxb5 Rxc3 15.Rxc3 Nxe4
16.Rc8+ Bxc8 17.Qxa5 Nxg5 18.b6  1-0

[Event "ch-RUS KO"]
[Site "Moscow RUS"]
[Date "1999.12.22"]
[Round "4.2"]
[White "Ibragimov,I"]
[Black "Sakaev,K"]
[Result "1/2-1/2"]
[WhiteElo "2554"]
[BlackElo "2648"]

1.c4 e5 2.Nc3 Nf6 3.g3 d5 4.cxd5 Nxd5 5.Bg2 Nb6 6.d3 Be7 7.Be3 O-O 8.Rc1 Kh8
9.Nf3 Nc6 10.O-O f5 11.Na4 Bd6 12.a3 Nxa4 13.Qxa4 Bd7  1/2-1/2

[Event "Athens op"]
[Site "Athens"]
[Date "1999.??.??"]
[Round "9"]
[White "Ibragimov, Ildar"]
[Black "Sulava, Nenad"]
[Result "1-0"]
[WhiteElo "2602"]
[BlackElo "2466"]

1.c4 e5 2.Nc3 Nf6 3.Nf3 Nc6 4.a3 e4 5.Ng5 Qe7 6.d3 exd3 7.Qxd3 Ne5 8.Qc2 d6
9.f4 Ned7 10.g3 g6 11.Bg2 Bg7 12.O-O O-O 13.Bd2 h6 14.Nh3 Nc5 15.Nf2 a5 16.Rae1 a4
17.e4 Qd8 18.Be3 Nfd7 19.Rd1 Ra5 20.Rfe1 b6 21.Nb5 Bb7 22.Bd2 Ra8 23.Bc3 Bxc3
24.Nxc3 Re8 25.Nd5 Bxd5 26.cxd5 Qf6 27.Re2 Qg7 28.Bh3 Rad8 29.Qc4 Re7 30.Rde1 Nf6
31.Kh1 Rde8 32.e5 Nh7 33.Qc3 f6 34.Be6+ Kh8 35.exd6 cxd6 36.Ne4 Nxe4 37.Rxe4 b5
38.Qc6 f5 39.R4e2 Nf6 40.Qxd6 Ne4 41.Qb4 Rb8 42.Kg2 h5 43.h4 Kh7 44.Rc2 Rc7
45.Rc6 Rd8 46.Rxc7 Qxc7 47.Re2 Qc4 48.Qxc4 bxc4 49.Kf3 Rb8 50.Ke3 Rb3+ 51.Kd4 c3
52.bxc3 Nxc3 53.Rc2 Nb5+ 54.Kc5 Nxa3 55.Ra2 Nb5 56.d6 Nxd6 57.Kxd6 Rd3+ 58.Ke5 a3
59.Rc2 Rxg3 60.Rc7+ Kh8 61.Kf6 Rg4 62.Ra7 Rxf4 63.Ra8+ Kh7 64.Bg8+  1-0

[Event "1st Fraenkische GM"]
[Site "Pulvermuele GER"]
[Date "2000.01.12"]
[Round "1"]
[White "Ibragimov,I"]
[Black "Stefanova,A"]
[Result "1-0"]
[WhiteElo "2554"]
[BlackElo "2444"]

1.d4 e6 2.Nf3 b6 3.e4 Bb7 4.Bd3 d6 5.O-O Nd7 6.c4 g6 7.Nc3 Bg7 8.Bg5 Ne7
9.Qd2 h6 10.Be3 Nf6 11.h3 d5 12.cxd5 exd5 13.e5 Ne4 14.Qc2 Nxc3 15.bxc3 O-O
16.Qd2 Kh7 17.Nh2 Bc8 18.g4 f6 19.exf6 Rxf6 20.f4 Qd6 21.Nf3 a5 22.Ne5 Ba6
23.Bxa6 Rxa6 24.Bf2 Rf8 25.Bh4 Raa8 26.Qd3 Bf6 27.Bg3 Bxe5 28.fxe5 Qe6 29.Rf6 Rxf6
30.exf6 Ng8 31.Re1 Qxf6 32.Rf1 Qe6 33.Qf3 g5 34.Be5 h5 35.Qf7+ Qxf7 36.Rxf7+ Kh6
37.Rxc7 hxg4 38.hxg4 b5 39.Rc5 b4 40.Rxd5 bxc3 41.Rd6+ Kh7 42.Rd7+ Kg6 43.Rg7+ Kh6
44.Rc7 Ne7 45.Rxe7 Rc8 46.Bc7 c2 47.Re6+  1-0

[Event "1st Fraenkische GM"]
[Site "Pulvermuele GER"]
[Date "2000.01.13"]
[Round "2"]
[White "Hamdouchi,H"]
[Black "Ibragimov,I"]
[Result "1-0"]
[WhiteElo "2520"]
[BlackElo "2554"]

1.e4 e5 2.Nf3 Nc6 3.d4 exd4 4.Nxd4 Bc5 5.Nxc6 Qf6 6.Qd2 dxc6 7.Nc3 Ne7 8.Na4 Bd6
9.f4 O-O 10.Qf2 Nd5 11.exd5 Re8+ 12.Be2 Bg4 13.Nc3 Bb4 14.Bd2 Bxe2 15.Nxe2 Qxb2
16.Rd1 Bxd2+ 17.Kxd2 Rad8 18.Nc3 Qb4 19.Qf3 cxd5 20.Kc1 d4 21.Nb1 Re6 22.Rd3 Rde8
23.Rhd1 c5 24.Rb3 Qa5 25.Qxb7 Re1 26.Rxe1 Qxe1+ 27.Kb2 c4 28.Ra3 a5 29.Qb5 c3+
30.Nxc3 dxc3+ 31.Rxc3 h6 32.a4 Rd8 33.g3 g6 34.Rc7 Rd1 35.Qe5 Qb4+ 36.Ka2 Qxa4+
37.Kb2 Qb4+ 38.Ka2 Qa4+ 39.Kb2 Qa1+ 40.Kb3 Rb1+ 41.Kc4 Rb4+ 42.Kd3 Qd1+ 43.Ke3 Rb8
44.Rd7 Qxd7 45.Qxb8+ Kh7 46.c4 a4 47.Qa8 Qe7+ 48.Kd4 a3 49.c5 Qf6+ 50.Kd3 Qf5+
51.Kd4 Qf6+ 52.Kd3 Qb2 53.c6 a2 54.c7 a1=Q 55.Qxa1 Qxa1 56.c8=Q Qd1+ 57.Ke3 Qg1+
58.Kf3 Qh1+ 59.Kf2 Qxh2+ 60.Kf3 Qg1 61.Qc7 Qh1+ 62.Kf2 Qd5 63.Qe7 Kg7 64.Qa7 h5
65.Qc7 Qf5 66.Kg2 Qg4 67.Qc3+ Kg8 68.Qd3 h4 69.Qd8+ Kg7 70.Qxh4 Qxh4 71.gxh4 Kf6
72.Kg3 Kf5 73.Kf3 f6 74.Kg3 Ke4 75.Kg4 f5+ 76.Kg5 Ke3 77.Kxg6 Kxf4 78.h5 Kg3
79.Kxf5  1-0

[Event "1st Fraenkische GM"]
[Site "Pulvermuele GER"]
[Date "2000.01.14"]
[Round "3"]
[White "Ibragimov,I"]
[Black "Bezold,M"]
[Result "1/2-1/2"]
[WhiteElo "2554"]
[BlackElo "2508"]

1.d4 d6 2.e4 Nf6 3.Nc3 g6 4.f4 Bg7 5.Nf3 O-O 6.Bd3 Nc6 7.e5 dxe5 8.fxe5 Nd5
9.Nxd5 Qxd5 10.c3 f6 11.Qe2 Kh8 12.Be4 Qf7 13.O-O Nd8 14.Bd2 c6 15.Bd3 Qg8
16.h3 Be6 17.c4 Re8 18.Rae1 Nf7 19.Nh4 Nh6 20.b3 Rad8 21.Bc3 f5 22.Nf3 Nf7
23.Rd1 Rd7 24.a4 Bh6 25.Bb1 Bg7 26.Ba2 Nd8 27.b4 a6 28.Ng5 h6 29.Nxe6 Nxe6
30.d5 cxd5 31.cxd5 Ng5 32.d6 Qf8 33.Bd2 exd6 34.Bxg5 hxg5 35.e6 Rdd8 36.Bd5 Re7
37.Kh1 Be5 38.Rc1 Rh7 39.Kg1 Bd4+ 40.Kh2 Be5+ 41.Kg1 Bd4+ 42.Kh2 Qf6 43.Rc4 Be5+  1/2-1/2

[Event "1st Fraenkische GM"]
[Site "Pulvermuele GER"]
[Date "2000.01.16"]
[Round "4"]
[White "Wells,P"]
[Black "Ibragimov,I"]
[Result "0-1"]
[WhiteElo "2476"]
[BlackElo "2554"]

1.e4 e5 2.Nf3 Nc6 3.d4 exd4 4.Nxd4 Bc5 5.Nxc6 bxc6 6.Nc3 Ne7 7.Na4 Bd6 8.h4 O-O
9.h5 h6 10.g4 Re8 11.Be3 Kh8 12.Bd3 Ng8 13.Qd2 Bf8 14.O-O-O d5 15.exd5 Bxg4
16.Rdg1 Qxd5 17.Nc3 Qd7 18.Rh4 Bf5 19.Rd4 Qc8 20.Rf4 Bxd3 21.Qxd3 Qe6 22.Re4 Qh3
23.Qc4 Qxh5 24.Qxc6 Nf6 25.Rxe8 Rxe8 26.Qxc7 a5 27.a4 Kh7 28.Kb1 Ne4 29.Nxe4 Rxe4
30.Qc8 Be7 31.Bxh6 Bf6 32.Be3 Rxa4 33.Qc6 Rh4 34.Qa6 a4 35.Qd3+ g6 36.Qd7 Kg7
37.Rd1 Rb4 38.Bd4 Qxd1+  0-1

[Event "1st Fraenkische GM"]
[Site "Pulvermuele GER"]
[Date "2000.01.21"]
[Round "8"]
[White "Naiditsch,A"]
[Black "Ibragimov,I"]
[Result "1/2-1/2"]
[WhiteElo "2442"]
[BlackElo "2611"]

1.e4 e5 2.Nf3 Nc6 3.Bb5 a6 4.Bxc6 dxc6 5.O-O Ne7 6.Nxe5 Qd4 7.Qh5 g6 8.Qg5 Bg7
9.Nd3 f5 10.e5 Qg4 11.f4 Qxg5 12.fxg5 b6 13.Re1 c5 14.Nc3 Be6 15.Ne2 Nc6
16.b3  1/2-1/2

[Event "1st Fraenkische GM"]
[Site "Pulvermuele GER"]
[Date "2000.01.22"]
[Round "9"]
[White "Ibragimov,I"]
[Black "Bischoff,K"]
[Result "1-0"]
[WhiteElo "2611"]
[BlackElo "2544"]

1.d4 e6 2.Nf3 Nf6 3.c4 b6 4.Nc3 Bb4 5.Bg5 h6 6.Bh4 Bb7 7.Nd2 Be7 8.e4 d6
9.Bg3 Nbd7 10.Be2 e5 11.d5 Nf8 12.b4 Ng6 13.Nb3 h5 14.h3 h4 15.Bh2 O-O 16.O-O c5
17.dxc6 Bxc6 18.Bd3 Ne8 19.Nd5 Nc7 20.a4 Rb8 21.Be2 Ne6 22.Bg4 Bg5 23.Ra2 Bh6
24.b5 Bb7 25.a5 Ne7 26.Qd3 g6 27.Nf6+ Kg7 28.Bxe6 Kxf6 29.Bd5 Nxd5 30.cxd5 Kg7
31.f4 f6 32.a6 Bc8 33.Raf2 Qe8 34.fxe5 dxe5 35.Nd4 exd4 36.Qxd4 Ra8 37.Rxf6 Rxf6
38.Qxf6+ Kg8 39.Be5 Kh7 40.Rf3 g5 41.Rc3  1-0

[Event "Goodricke Open"]
[Site "Calcutta IND"]
[Date "2000.02.06"]
[Round "1"]
[White "Ganguly,S"]
[Black "Ibragimov,I"]
[Result "0-1"]
[WhiteElo "2440"]
[BlackElo "2611"]

1.e4 e5 2.Nf3 Nc6 3.d4 exd4 4.Nxd4 Bc5 5.Be3 Qf6 6.c3 Qg6 7.Qe2 Nxd4 8.Bxd4 Bxd4
9.cxd4 Ne7 10.Nc3 O-O 11.f3 d5 12.Qf2 dxe4 13.fxe4 f5 14.e5 Be6 15.Bd3 Rad8
16.O-O c5 17.Ne2 cxd4 18.Nxd4 Bd5 19.Rad1 Bxg2 20.Qxg2 Rxd4 21.Qxg6 hxg6
22.Bc2 Rfd8 23.Rxd4 Rxd4 24.Rf3 Nc6 25.e6 Rg4+ 26.Kf2  0-1

[Event "Goodricke Open"]
[Site "Calcutta IND"]
[Date "2000.02.15"]
[Round "10"]
[White "Ibragimov,I"]
[Black "Prasad,D"]
[Result "0-1"]
[WhiteElo "2611"]
[BlackElo "2421"]

1.c4 e5 2.Nc3 Nc6 3.Nf3 g6 4.d4 exd4 5.Nxd4 Bg7 6.Nxc6 bxc6 7.g3 Ne7 8.Bg2 Rb8
9.O-O O-O 10.Qc2 d6 11.b3 Bf5 12.e4 Be6 13.Bb2 c5 14.f4 Nc6 15.f5 Nd4 16.Qd3 Bd7
17.Rf2 Be5 18.Raf1 f6 19.h4 a5 20.Bc1 a4 21.bxa4 Ra8 22.Nd5 c6 23.Nf4 gxf5
24.Ne2 fxe4 25.Bxe4 f5 26.Bg2 Rxa4 27.Nxd4 Bxd4 28.Be3 Bxe3 29.Qxe3 Rxc4
30.Bxc6 Rd4 31.Bg2 Qf6 32.Bh3 Qe6 33.Qc3 Qe5 34.Qf3 Bb5 35.Bxf5 Kh8 36.Qh5 Qxg3+
37.Rg2 Qxh4 38.Qxh4 Rxh4 39.Rff2 Bc6 40.Be6 Rh1+  0-1

[Event "Chalapathi GM"]
[Site "Guntur, AP IND"]
[Date "2000.04.08"]
[Round "6"]
[White "Ibragimov,I"]
[Black "Shariyazdanov,A"]
[Result "1/2-1/2"]
[WhiteElo "2611"]
[BlackElo "2612"]

1.d4 Nf6 2.c4 e6 3.Nc3 Bb4 4.e3 O-O 5.Ne2 d5 6.a3 Be7 7.c5 a5 8.Bd2 b6 9.Ng3 Ba6
10.Bxa6 Rxa6  1/2-1/2

[Event "Chalapathi GM"]
[Site "Guntur, AP IND"]
[Date "2000.04.10"]
[Round "8"]
[White "Ibragimov,I"]
[Black "Rahman,Zia"]
[Result "1-0"]
[WhiteElo "2611"]
[BlackElo "2465"]

1.d4 e6 2.Nf3 f5 3.g3 Nf6 4.Bg2 d5 5.O-O Bd6 6.c4 c6 7.b3 Qe7 8.a4 O-O 9.Ba3 Bxa3
10.Nxa3 a5 11.Qc2 Na6 12.Rfc1 Ne4 13.Ne5 Nb4 14.Qb2 f4 15.f3 Nd6 16.c5 Ne8
17.Qd2 g5 18.Nc2 Nxc2 19.Rxc2 Ng7 20.g4 Ne8 21.e3 Qg7 22.Re1 fxe3 23.Qxe3 Nf6
24.Bf1 Nd7 25.Nd3 Kh8 26.Rf2 Rb8 27.f4 b6 28.fxg5 Rxf2 29.Qxf2 bxc5 30.Rxe6 Ba6
31.Nxc5 Bxf1 32.Nxd7 Qxd7 33.Qf6+ Kg8 34.Re7 Qxg4+ 35.Kxf1 Qh3+ 36.Kg1 Qg4+
37.Kf1 Qh3+ 38.Ke1 Qc3+ 39.Kf2 Qc2+ 40.Re2 Qg6 41.Qxg6+ hxg6 42.Re6 Kf7 43.Rf6+ Kg7
44.Rxc6 Rxb3 45.Rc5 Rb4 46.Rxd5 Rxa4 47.Ke3 Ra2 48.Rd7+ Kf8 49.Ra7 a4 50.Ke4 Rxh2
51.Ke5 Rf2 52.Ke6 Rf5 53.d5 Rxg5 54.d6 Rg1 55.Ra8+ Kg7 56.d7 Re1+ 57.Kd6 Rd1+
58.Kc6 Kf6 59.d8=Q+ Rxd8 60.Rxd8 Ke5 61.Ra8  1-0

[Event "Chalapathi GM"]
[Site "Guntur, AP IND"]
[Date "2000.04.11"]
[Round "9"]
[White "Prakash,G"]
[Black "Ibragimov,I"]
[Result "0-1"]
[WhiteElo "2435"]
[BlackElo "2611"]

1.d4 Nf6 2.c4 e6 3.Nf3 b6 4.g3 Ba6 5.Nbd2 d5 6.Bg2 Be7 7.O-O O-O 8.cxd5 exd5
9.Ne5 c5 10.b3 Re8 11.Bb2 Bb7 12.Rc1 Na6 13.e3 Bd6 14.Re1 Qe7 15.Nd3 Rac8
16.dxc5 bxc5 17.e4 Nxe4 18.f3 c4 19.bxc4 Bc5+ 20.Kh1 Nb4 21.Nxc5 Nf2+ 22.Kg1 Qxc5
23.Rxe8+ Rxe8 24.Nb3 Nh3+ 25.Kh1 Nf2+ 26.Kg1 Nxd1+ 27.Nxc5 Nxb2 28.Rb1 Re2
29.Bf1 Rc2 30.Nxb7 dxc4 31.Bxc4 Nxc4 32.Rxb4 Ne5 33.Ra4 Nxf3+ 34.Kf1 Nxh2+
35.Kg1 Nf3+ 36.Kf1 g5 37.Nd6 Nh2+ 38.Kg1 Nf3+ 39.Kf1 Rc6 40.Ne4 f5 41.Nf2 a6
42.Ra5 g4 43.Nd3 Rd6 44.Nb4 f4 45.Nd5 Nd2+ 46.Kg1 fxg3 47.Ne3 Ne4 48.Nxg4 Rd1+
49.Kg2 Rd2+ 50.Kg1 Kg7 51.Rxa6 Ng5  0-1

[Event "Chalapathi GM"]
[Site "Guntur, AP IND"]
[Date "2000.04.12"]
[Round "10"]
[White "Ibragimov,I"]
[Black "Saravanan,V"]
[Result "1-0"]
[WhiteElo "2611"]
[BlackElo "2412"]

1.d4 g6 2.e4 Bg7 3.c4 c5 4.d5 d6 5.Nc3 e6 6.Nf3 Ne7 7.h3 O-O 8.Bd3 a6 9.a4 exd5
10.exd5 h6 11.O-O Bf5 12.Re1 Bxd3 13.Qxd3 Nd7 14.Bf4 Nf6 15.Rab1 a5 16.Nb5 Nc8
17.Re2 Re8 18.Rbe1 Rxe2 19.Rxe2 Bf8 20.Nd2 Na7 21.Nc3 Qd7 22.Nde4 Ne8 23.g4 Rd8
24.Kg2 Bg7 25.f3 Kh7 26.b3 b6 27.h4 f5 28.Ng3 fxg4 29.h5 gxf3+ 30.Kxf3 Kh8
31.hxg6 Nc7 32.Rh2 Rf8 33.Nce2 Nc8 34.Kg2 Kg8 35.Bxh6 Ne8 36.Bxg7 Nxg7 37.Qe3 Nf5
38.Nxf5 Qxf5 39.Rh8+  1-0

[Event "Open"]
[Site "Dubai UAE"]
[Date "2000.04.28"]
[Round "1"]
[White "Ibragimov,I"]
[Black "Mamedova,R"]
[Result "1-0"]
[WhiteElo "2611"]
[BlackElo "2323"]

1.d4 e6 2.Nf3 f5 3.g3 Nf6 4.Bg2 Be7 5.O-O O-O 6.c4 Ne4 7.Nbd2 Bf6 8.Qc2 d5
9.b3 Nc6 10.Bb2 Bd7 11.Rad1 a5 12.a3 Be8 13.Ne5 Qe7 14.Nxe4 fxe4 15.f3 Bxe5
16.dxe5 Qc5+ 17.Kh1 Bg6 18.f4 b5 19.e3 a4 20.b4 Qxc4 21.Rc1 Qxc2 22.Rxc2 Be8
23.Rfc1 Ra6 24.Bf1 Rb6 25.Rc5 g5 26.fxg5 Rf2 27.R5c2 Rf3 28.Bh3 Bd7 29.Re1 Kg7
30.Bg4 Rf8 31.Kg2 Kg6 32.h4 Rb7 33.Rec1 Rb6 34.Rf1 Rbb8 35.Rf6+ Rxf6 36.gxf6 Re8
37.Be2 Rb8 38.g4 Rb7 39.Kg3 Nd8 40.Kf4 Nf7 41.h5+ Kh6 42.Bc3 Ng5 43.Be1 Nh3+
44.Kg3 Ng5 45.Kh4  1-0

[Event "Open"]
[Site "Dubai UAE"]
[Date "2000.04.29"]
[Round "2"]
[White "Ermenkov,E"]
[Black "Ibragimov,I"]
[Result "1-0"]
[WhiteElo "2449"]
[BlackElo "2611"]

1.e4 e5 2.Nf3 Nc6 3.Bb5 a6 4.Ba4 Nf6 5.O-O Be7 6.Re1 b5 7.Bb3 d6 8.c3 O-O
9.h3 Na5 10.Bc2 c5 11.d4 Qc7 12.Nbd2 Bd7 13.Nf1 Nc4 14.Ng3 Rfe8 15.d5 Nb6
16.Nh2 c4 17.f4 exf4 18.Bxf4 Na4 19.Rb1 Nc5 20.Nf3 Qb6 21.Nd4 b4 22.Kh2 a5
23.Qf3 b3 24.axb3 cxb3 25.Bd3 a4 26.Ndf5 Bf8 27.Bg5 Bxf5 28.Nxf5 Nfd7 29.Bf1 Ne5
30.Qg3 Ncd7 31.Nd4 Ra5 32.h4 g6 33.h5 Bg7 34.hxg6 hxg6 35.Re3 f6 36.Bf4 Kf7
37.Be2 Rh8+ 38.Kg1 Bh6 39.Bg4 Bxf4 40.Qxf4 Nc5 41.Rf1 Qd8 42.Be6+ Ke8 43.Rh3 Rxh3
44.Bxh3 Qe7 45.Qh4 a3 46.bxa3 Rxa3 47.Nb5 Ra5 48.Qh8+ Kf7 49.Nd4 Qe8 50.Qh7+  1-0

[Event "III Pyramiden-Franken Cup"]
[Site "Fuerth GER"]
[Date "2000.08.20"]
[Round "2"]
[White "Medvegy,N"]
[Black "Ibragimov,I"]
[Result "0-1"]
[WhiteElo "2350"]
[BlackElo "2575"]

1.e4 c6 2.d4 g6 3.Nc3 d6 4.Be3 Bg7 5.Qd2 Nd7 6.f3 Qc7 7.a4 e5 8.d5 Ngf6 9.Bc4 O-O
10.Nge2 Nb6 11.Bb3 cxd5 12.Nb5 Qd8 13.a5 d4 14.axb6 dxe3 15.Qxe3 a6 16.O-O Ne8
17.Rfd1 Be6 18.Na3 Rc8 19.Bxe6 fxe6 20.Qb3 Qe7 21.Rd3 Nf6 22.Rad1 d5 23.exd5 exd5
24.Nc3 Qc5+ 25.Kh1 e4 26.Nxe4 Nxe4 27.fxe4 Kh8 28.Rxd5 Qf2 29.Qd3 Qxb6 30.Nc4 Qc6
31.b3 b5 32.Ne3 Qc3 33.Qxc3 Rxc3 34.R5d3 Re8 35.Rxc3 Bxc3 36.Nd5 Be5 37.Kg1 a5
38.Kf2 Rc8 39.Ne3 a4 40.bxa4 bxa4 41.Rd5 Bc3 42.Nd1 Bb4 43.c3 Bc5+ 44.Ke2 a3
45.Rd2 Kg7 46.Ra2 Kf6 47.Nf2 Bxf2 48.Kxf2 Rxc3 49.Rd2 Rc6 50.Ra2 Ra6 51.Ke3 Ke5
52.Kd3 Ra4 53.Kc2 Kxe4 54.Kb1 Rb4+ 55.Ka1 Rb2 56.Rxa3 Rxg2 57.h3 Kf4 58.Kb1 Rg3
59.Ra4+ Kf3 60.h4 h5  0-1

[Event "III Pyramiden-Franken Cup"]
[Site "Fuerth GER"]
[Date "2000.08.21"]
[Round "3"]
[White "Ibragimov,I"]
[Black "Bunzmann,D"]
[Result "0-1"]
[WhiteElo "2575"]
[BlackElo "2484"]

1.c4 b6 2.Nc3 e6 3.e4 Bb7 4.Nf3 Bb4 5.Bd3 Ne7 6.O-O O-O 7.Re1 f5 8.exf5 Nxf5
9.Ne4 Nc6 10.b3 Be7 11.Bb2 Nb4 12.Bf1 Nd6 13.d3 Qe8 14.a3 Nc6 15.b4 a6 16.g3 Nxe4
17.dxe4 Qf7 18.Bg2 d6 19.Rf1 e5 20.Qd3 a5 21.Bc3 Kh8 22.b5 Nd8 23.Ne1 Ne6
24.Nc2 Bg5 25.Qe2 Nc5 26.Rad1 Rae8 27.Bd2 Bxd2 28.Rxd2 Re6 29.f3 Rf6 30.Rdd1 Ne6
31.Qe3 Qh5 32.Rf2 Rh6 33.Bf1 Ng5 34.Rd3 Nxf3+ 35.Qxf3 Rxf3 36.Rdxf3 Rf6 37.Bg2 Qg5
38.Ne3 Bxe4 39.h4 Qg6 40.h5 Qg5 41.Rxf6 gxf6 42.Bxe4 Qxe3 43.Bd5 Kg7 44.a4 Qg5  0-1

[Event "III Pyramiden-Franken Cup"]
[Site "Fuerth GER"]
[Date "2000.08.24"]
[Round "6"]
[White "Lau,R"]
[Black "Ibragimov,I"]
[Result "1/2-1/2"]
[WhiteElo "2498"]
[BlackElo "2575"]

1.e4 e5 2.Nf3 Nc6 3.Bb5 a6 4.Ba4 Nf6 5.O-O Be7 6.Re1 b5 7.Bb3 d6 8.c3 O-O
9.h3 Na5 10.Bc2 c5 11.d4 Qc7 12.Nbd2 Bd7 13.dxe5 dxe5 14.Nf1 c4 15.Nh4 Nb7
16.Qf3 Rfe8 17.Ng3 g6 18.Bg5 Nd5 19.Bxe7 Nxe7 20.Qf6 Qd6 21.Qg5 f6 22.Qh6 Qe6
23.Nhf5 Qf7 24.Rad1 Be6 25.Nd6 Nxd6 26.Rxd6 Nc8 27.Rd2 Qf8 28.Qe3 Rd8 29.Red1 Rxd2
30.Rxd2 Ra7 31.f4 exf4 32.Qxf4 Qc5+ 33.Qf2 Qxf2+ 34.Kxf2 Kf7 35.Ke3 Ke7 36.Ne2 Nd6
37.Nd4 Bd7 38.Nf3 Nf7 39.h4 Ra8 40.Kf4 h6 41.Re2 g5+ 42.hxg5 hxg5+ 43.Kg3 Ne5
44.Nxe5 fxe5 45.Rd2 Be6 46.Bd1 Rf8 47.Bg4 Rf4 48.Bxe6 Kxe6 49.Re2 a5 50.a3 Kf6
51.Kh3 Rh4+  1/2-1/2

[Event "III Pyramiden-Franken Cup"]
[Site "Fuerth GER"]
[Date "2000.08.25"]
[Round "7"]
[White "Ibragimov,I"]
[Black "Joachim,S"]
[Result "1-0"]
[WhiteElo "2575"]
[BlackElo "2445"]

1.c4 Nf6 2.Nc3 e5 3.Nf3 Nc6 4.a3 d5 5.cxd5 Nxd5 6.Qc2 Be7 7.e3 O-O 8.Nxd5 Qxd5
9.Bc4 Qd6 10.b4 Be6 11.Bb2 a6 12.O-O Rad8 13.Rac1 Bxc4 14.Qxc4 Bf6 15.Rfd1 Qd3
16.a4 e4 17.Ne1 Qxc4 18.Rxc4 Rfe8 19.Kf1 Re5 20.d4 Rh5 21.h3 Rhd5 22.Rdc1 Rc8
23.g3 Rd7 24.Ng2 Ne7 25.Nf4 c6 26.Rc5 Ra8 27.g4 b6 28.R5c4 a5 29.bxa5 Rxa5
30.Rb1 c5 31.Nh5  1-0

[Event "4th OIBM"]
[Site "Bad Wiessee GER"]
[Date "2000.10.30"]
[Round "3"]
[White "Ibragimov,I"]
[Black "Giddins,S"]
[Result "1/2-1/2"]
[WhiteElo "2575"]
[BlackElo "2315"]

1.d4 e6 2.c4 Nf6 3.Nc3 Bb4 4.e3 c5 5.Bd3 Nc6 6.Nf3 Bxc3+ 7.bxc3 d6 8.O-O e5
9.Nd2 h6 10.Rb1 O-O 11.h3 b6 12.d5 Ne7 13.Qc2 Qd7 14.f4 exf4 15.exf4 Nf5
16.Nf3 Re8 17.Kf2 h5 18.Bd2 g6 19.Rfe1 Rxe1 20.Rxe1 Qd8 21.Ng5 Kg7 22.Qd1 h4
23.Qe2 Qf8 24.Kg1 Bd7 25.Bxf5 Bxf5 26.Qf2 Re8 27.Qxh4 Rxe1+ 28.Qxe1 Qe8 29.Qf1  1/2-1/2

[Event "4th OIBM"]
[Site "Bad Wiessee GER"]
[Date "2000.10.31"]
[Round "4"]
[White "Nitsche,D"]
[Black "Ibragimov,I"]
[Result "0-1"]
[WhiteElo "2274"]
[BlackElo "2575"]

1.d4 d6 2.c4 e5 3.Nf3 e4 4.Nfd2 f5 5.Nc3 Nf6 6.e3 Be7 7.Be2 O-O 8.b4 c6 9.a4 Be6
10.Ba3 Nbd7 11.Qc2 a5 12.b5 c5 13.Nb3 Qc7 14.d5 Bf7 15.O-O-O Ne5 16.Kb1 Nfd7
17.f4 exf3 18.gxf3 f4 19.e4 Nb6 20.Nd2 Bh4 21.Rdf1 Be8 22.Nd1 Bd7 23.Nf2 Rae8
24.Bb2 Bc8 25.Ka2 Qd8 26.Kb3 Nbd7 27.Nb1 Ng6 28.Nc3 Bf6 29.Ncd1 Bxb2 30.Nxb2 Nde5
31.Nbd3 b6 32.Nxe5 Rxe5 33.Nd3 Rh5 34.Rf2 Qe7 35.Qb2 Rg5 36.Re1 Rf6 37.Qd2 Qf7
38.Bf1 Ne5 39.Nxe5 Rxe5 40.Bd3 Rh6 41.Qb2 Qf6 42.Rg1 Reh5 43.Qxf6 Rxf6 44.Rfg2 g6
45.Kc3 Kg7 46.Kd2 Rf7 47.Bf1 Kf6 48.Kd3 Re7 49.Rf2 Ree5 50.Be2 Reg5 51.Rfg2 Bh3
52.Rxg5 Rxg5 53.Rxg5 Kxg5 54.Kd2 Kf6 55.Kd3 Ke5 56.Kc3 g5 57.Kd3 Bg2  0-1

[Event "4th OIBM"]
[Site "Bad Wiessee GER"]
[Date "2000.11.01"]
[Round "5"]
[White "Ibragimov,I"]
[Black "Renner,C"]
[Result "1-0"]
[WhiteElo "2575"]
[BlackElo "2429"]

1.d4 f5 2.g3 Nf6 3.Bg2 g6 4.Nf3 Bg7 5.O-O O-O 6.c4 d6 7.Nc3 c6 8.Qb3 Na6
9.Rd1 Kh8 10.d5 Rb8 11.Qc2 Bd7 12.Be3 c5 13.Rab1 Nc7 14.a4 h6 15.b4 Ng4 16.bxc5 Nxe3
17.fxe3 Na6 18.Nh4 Kh7 19.e4 Bxc3 20.Qxc3 Nxc5 21.Rf1 fxe4 22.Qd4 Bf5 23.Nxf5 gxf5
24.Rxf5 Rxf5 25.Bxe4 Qd7 26.Rf1 Rf8 27.g4 Nxe4 28.Qxe4 Kg7 29.gxf5 Rf6 30.a5 Kf8
31.Qd4 Qc7 32.Qxa7 Qxc4 33.Qxb7 Qd4+ 34.Rf2 Kf7 35.Qb1 Qxd5 36.a6 Qc5 37.Qa2+ e6
38.e4 Qc1+ 39.Kg2 Qg5+ 40.Kf1 Qc1+ 41.Kg2 Qg5+ 42.Kf1 Qc1+ 43.Ke2 Qc6 44.fxe6+ Ke7
45.Rxf6 Qxe4+ 46.Kf2 Kxf6 47.Qb2+ Kf5 48.Qe2  1-0

[Event "VI Open"]
[Site "Lisbon POR"]
[Date "2000.11.20"]
[Round "3"]
[White "Oliveira,M"]
[Black "Ibragimov,I"]
[Result "0-1"]
[WhiteElo "2197"]
[BlackElo "2575"]

1.Nf3 Nf6 2.d4 e6 3.c4 b6 4.g3 Ba6 5.b3 Bb7 6.Bg2 Bb4+ 7.Bd2 a5 8.a3 Be7
9.Nc3 O-O 10.O-O d5 11.Ne5 Na6 12.cxd5 exd5 13.Bg5 c5 14.e3 Nc7 15.Qd2 Re8
16.Rfd1 cxd4 17.exd4 Ne4 18.Nxe4 dxe4 19.Be3 Bf8 20.Bf1 f6 21.Nc4 Nd5 22.Qb2 b5
23.Nd2 Bc6 24.Rdc1 Qd7 25.Nb1 b4 26.Bc4 Kh8 27.Bxd5 Bxd5 28.a4 Bf7 29.Nd2 Bh5
30.Rc4 Be2 31.Rcc1 Qh3 32.Kh1 Rad8  0-1

[Event "VI Open"]
[Site "Lisbon POR"]
[Date "2000.11.22"]
[Round "5"]
[White "Vassallo,M"]
[Black "Ibragimov,I"]
[Result "0-1"]
[WhiteElo "2431"]
[BlackElo "2575"]

1.Nf3 Nf6 2.c4 e6 3.g3 b6 4.Bg2 Bb7 5.O-O Be7 6.b3 O-O 7.Bb2 d5 8.e3 c5 9.Nc3 dxc4
10.bxc4 Nc6 11.Qe2 Qc7 12.d3 Rfd8 13.Ne1 Rd7 14.f4 Rad8 15.Rd1 a6 16.g4 Nb4
17.Rf2 Ne8 18.a3 Bxg2 19.Rxg2 Nc6 20.g5 Nd6 21.Nf3 Qb7 22.Nd5 exd5 23.cxd5 Nd4
24.exd4 Nf5 25.Qe4 Rxd5 26.Re2 cxd4 27.Rc1 Bf8 28.Ne5 Nd6 29.Qg2 Rc5 30.Qf1 Rxc1
31.Bxc1 Nf5 32.Qh3 Ne3 33.Bb2 Qd5 34.Nf3 Qf5 35.Qxf5 Nxf5 36.Re4 Bc5 37.Kf1 f6
38.Re6 Kf7 39.Rc6 Rd7 40.a4 Ne7  0-1

[Event "VI Open"]
[Site "Lisbon POR"]
[Date "2000.11.24"]
[Round "7"]
[White "Lalic,B"]
[Black "Ibragimov,I"]
[Result "1/2-1/2"]
[WhiteElo "2520"]
[BlackElo "2575"]

1.d4 Nf6 2.c4 e6 3.Nc3 Bb4 4.Qc2 O-O 5.a3 Bxc3+ 6.Qxc3 b6 7.Bg5 d6 8.e3 Nbd7
9.Bd3 c5 10.Ne2 Bb7 11.b4  1/2-1/2

[Event "VI Open"]
[Site "Lisbon POR"]
[Date "2000.11.25"]
[Round "8"]
[White "Palac,M"]
[Black "Ibragimov,I"]
[Result "1/2-1/2"]
[WhiteElo "2573"]
[BlackElo "2575"]

1.e4 e5 2.Nf3 Nc6 3.d4 exd4 4.Nxd4 Bc5 5.Nxc6 Qf6 6.Qd2 dxc6 7.Nc3 Be6 8.Bd3 Ne7
9.Qf4 Qxf4 10.Bxf4 O-O-O  1/2-1/2

[Event "Anibal Open"]
[Site "Anibal Open ESP"]
[Date "2001.01.11"]
[Round "4"]
[White "Ibragimov,I"]
[Black "Marcelin,C"]
[Result "1-0"]
[WhiteElo "2575"]
[BlackElo "2433"]

1.Nf3 d5 2.d4 c6 3.c4 e6 4.Nbd2 Nf6 5.g3 Nbd7 6.Bg2 b5 7.c5 Be7 8.O-O O-O
9.Qc2 Qc7 10.e4 e5 11.exd5 cxd5 12.dxe5 Nxe5 13.Nb3 Nxf3+ 14.Bxf3 Ne4 15.Bf4 Qc6
16.Rac1 Bh3 17.Rfd1 Rac8 18.Qd3 Rfd8 19.Nd4 Qa6 20.b4 Qxa2 21.Rc2 Qa4 22.Qxb5 Bd7
23.Qd3 Qxb4 24.c6 Bh3 25.c7 Re8 26.g4 Bc5 27.Qb5 Ng5 28.Be2 Nf3+ 29.Nxf3 Qxf4
30.Kh1 Bxf2 31.Qxe8+ Rxe8 32.c8=Q Qe4 33.Qf5 Qe7 34.Ng5 g6 35.Qxf2 Qxg5 36.Bf3 d4
37.Rxd4 h5 38.gxh5 Rb8 39.Rd1 Rb3 40.hxg6 Qf5  1-0

[Event "Anibal Open"]
[Site "Anibal Open ESP"]
[Date "2001.01.13"]
[Round "6"]
[White "Ibragimov,I"]
[Black "Herrera,I"]
[Result "1/2-1/2"]
[WhiteElo "2575"]
[BlackElo "2467"]

1.c4 c5 2.Nf3 Nc6 3.Nc3 e5 4.e3 Nf6 5.Be2 d6 6.d4 e4 7.Nd2 Bf5 8.g4 cxd4
9.exd4 e3 10.gxf5 exd2+ 11.Qxd2 Be7 12.d5 Ne5 13.b3 Qc8 14.Qc2 g6 15.Be3 a6
16.Bd4 Qxf5 17.Qxf5 gxf5 18.f4 Ng6 19.Bd3 Nh4 20.O-O-O Rg8 21.Rde1 Kf8 22.Bf2 Ng4
23.Bg3 Bf6 24.Ne2 Nf3 25.Ref1 Nd4 26.Be1 Re8 27.Bb4 Rd8 28.h3 Nh6 29.Rhg1 Rxg1
30.Rxg1 b6 31.Nc3 a5 32.Ba3 Nf3 33.Rf1 Nh4 34.Kd2 Ke7  1/2-1/2

[Event "Anibal Open"]
[Site "Anibal Open ESP"]
[Date "2001.01.14"]
[Round "7"]
[White "Arencibia,W"]
[Black "Ibragimov,I"]
[Result "1/2-1/2"]
[WhiteElo "2513"]
[BlackElo "2575"]

1.d4 d5 2.c4 dxc4 3.e3 e6 4.Bxc4 Nf6 5.Nf3 c5 6.O-O a6 7.dxc5 Qxd1 8.Rxd1 Bxc5
9.Nbd2 O-O 10.Be2 Rd8 11.Nb3 Rxd1+ 12.Bxd1 Be7 13.Ne5 Nbd7 14.Nxd7 Bxd7 15.Bf3 Rb8
16.Bd2 b6 17.Bc3 a5 18.Rd1 Ba4 19.g4 Rd8 20.Rxd8+ Bxd8 21.Nd4 Bd7 22.h3 Nd5
23.Bxd5 exd5 24.Kg2 Kf8 25.f4 Bf6 26.Ne2 Bb5 27.Bxf6 Bxe2 28.Bd8 a4 29.Bxb6 Bc4
30.a3  1/2-1/2